Wars Involving Venezuela - Statistics

General Stats
  • This quiz has been taken 8 times
  • The average score is 3 of 8
Answer Stats
Year Allies Enemies Result Answer % Correct
1945 Allied Powers GermanyJapan Victory World War 2
88%
1859-1863 None Venezuelan Federalists Defeat Federal War
63%
1810-1823 New GrenadaHaiti Spain Victory Venezuelan War of Independence
63%
1902-1903 None United KingdomGermany Italy Compromise Venezuelan Crisis
38%
2021 FARC Dissedents FARC Stalemate Apure Clashes
25%
1908 None Netherlands Defeat Dutch-Venezuelan Crisis
25%
1819-1820 New Grenada Spain Victory Liberation Campaign of New Grenada
13%
1815-1816 New Grenada Spain Defeat Spanish Reconquest of New Grenada
13%
No matching quizzes found
Score Distribution
Percent of People with Each Score
Percentile by Number Answered
Your Score History
You have not taken this quiz